[Event "Team men PL"]
[Site "Sochi"]
[Date "2020.11.21"]
[Round "3.4"]
[White "Ponkratov, Pavel"]
[Black "Tsoi, Dmitry"]
[Result "1/2-1/2"]
[BlackElo "2315"]
[WhiteElo "2625"]
[LiveChessVersion "1.4.8"]

1.e4 {[%clk 1:30:57]} d6 {[%clk 1:30:51]} 2.d4 {[%clk 1:31:21]}
Nf6 {[%clk 1:31:17]} 3.Nc3 {[%clk 1:31:47]} e5 {[%clk 1:31:42]}
4.Nge2 {[%clk 1:32:13]} Be7 {[%clk 1:30:26]} 5.h3 {[%clk 1:32:38]}
O-O {[%clk 1:30:39]} 6.g4 {[%clk 1:33:05]} exd4 {[%clk 1:29:31]}
7.Qxd4 {[%clk 1:33:29]} Be6 {[%clk 1:24:25]} 8.Bg2 {[%clk 1:32:53]}
c6 {[%clk 1:22:15]} 9.g5 {[%clk 1:28:56]} Nfd7 {[%clk 1:21:51]}
10.h4 {[%clk 1:29:19]} Qb6 {[%clk 1:10:52]} 11.b3 {[%clk 1:11:43]}
Na6 {[%clk 1:04:30]} 12.Bb2 {[%clk 1:10:07]} Qxd4 {[%clk 1:03:23]}
13.Nxd4 {[%clk 1:10:32]} Ndc5 {[%clk 1:03:40]} 14.f4 {[%clk 0:57:18]}
f6 {[%clk 0:51:51]} 15.O-O {[%clk 0:56:57]} Bg4 {[%clk 0:49:30]}
16.Kh2 {[%clk 0:36:17]} Ne6 {[%clk 0:46:54]} 17.Nf5 {[%clk 0:36:22]}
Bxf5 {[%clk 0:45:23]} 18.exf5 {[%clk 0:36:42]} Nec5 {[%clk 0:45:40]}
19.a3 {[%clk 0:30:19]} Nc7 {[%clk 0:44:24]} 20.b4 {[%clk 0:25:18]}
Nd7 {[%clk 0:44:49]} 21.Ne2 {[%clk 0:25:44]} Nb6 {[%clk 0:43:40]}
22.Nd4 {[%clk 0:23:33]} d5 {[%clk 0:30:00]} 23.Rae1 {[%clk 0:20:39]}
Bd6 {[%clk 0:29:54]} 24.gxf6 {[%clk 0:12:33]} Rxf6 {[%clk 0:26:41]}
25.Ba1 {[%clk 0:05:51]} Rf7 {[%clk 0:22:34]} 26.Kh3 {[%clk 0:04:07]}
Re7 {[%clk 0:14:34]} 27.Rxe7 {[%clk 0:02:56]} Bxe7 {[%clk 0:15:00]}
28.Ne6 {[%clk 0:03:23]} Nxe6 {[%clk 0:15:15]} 29.fxe6 {[%clk 0:03:47]}
Rf8 {[%clk 0:14:14]} 30.Bd4 {[%clk 0:03:14]} Nc4 {[%clk 0:14:30]}
31.Rf3 {[%clk 0:02:44]} Nd6 {[%clk 0:12:27]} 32.h5 {[%clk 0:02:15]}
Nf5 {[%clk 0:11:44]} 33.Bxa7 {[%clk 0:01:35]} Rf6 {[%clk 0:11:00]}
34.Bf1 {[%clk 0:01:37]} Rxe6 {[%clk 0:09:15]} 35.Bd3 {[%clk 0:01:53]}
g6 {[%clk 0:08:29]} 36.c4 {[%clk 0:01:28]} Kf7 {[%clk 0:06:59]}
37.Bf2 {[%clk 0:01:46]} Nd6 {[%clk 0:06:37]} 38.cxd5 {[%clk 0:01:57]}
cxd5 {[%clk 0:07:05]} 39.hxg6+ {[%clk 0:01:45]} hxg6 {[%clk 0:07:31]}
40.Kg4 {[%clk 0:31:32]} Ne4 {[%clk 0:36:14]} 41.Bd4 {[%clk 0:29:01]}
Bf6 {[%clk 0:23:47]} 42.Bg1 {[%clk 0:27:55]} Rc6 {[%clk 0:22:23]}
43.a4 {[%clk 0:26:29]} Rc1 {[%clk 0:21:45]} 44.Bb6 {[%clk 0:26:49]}
Be7 {[%clk 0:20:15]} 45.Bxe4 {[%clk 0:13:59]} dxe4 {[%clk 0:20:37]}
46.Rb3 {[%clk 0:14:24]} Rc4 {[%clk 0:18:16]} 47.Bc5 {[%clk 0:14:46]}
Bxc5 {[%clk 0:18:03]} 48.bxc5 {[%clk 0:15:11]} Rxc5 {[%clk 0:18:23]}
49.Rxb7+ {[%clk 0:15:35]} Kf6 {[%clk 0:18:51]} 50.Rb6+ {[%clk 0:15:58]}
Kf7 {[%clk 0:19:17]} 51.Rb4 {[%clk 0:16:24]} e3 {[%clk 0:19:33]}
52.Rb7+ {[%clk 0:11:49]} Kf6 {[%clk 0:19:57]} 53.Rb6+ {[%clk 0:12:15]}
Kf7 {[%clk 0:20:24]} 54.Kf3 {[%clk 0:12:42]} Rc3 {[%clk 0:19:55]}
55.a5 {[%clk 0:13:06]} Ra3 {[%clk 0:20:16]} 56.a6 {[%clk 0:11:46]}
Kg7 {[%clk 0:20:42]} 57.Re6 {[%clk 0:11:55]} 1/2-1/2

[Event "Team men PL"]
[Site "Sochi"]
[Date "2020.11.21"]
[Round "3.5"]
[White "Ter-Saakian, Grigorii"]
[Black "Goganov, Aleksey"]
[Result "0-1"]
[BlackElo "2602"]
[WhiteElo "2296"]
[LiveChessVersion "1.4.8"]

1.e4 {[%clk 1:29:44]} c5 {[%clk 1:30:55]} 2.Nc3 {[%clk 1:26:46]}
Nc6 {[%clk 1:30:33]} 3.Nf3 {[%clk 1:27:11]} e6 {[%clk 1:30:06]}
4.Bb5 {[%clk 1:27:00]} Nd4 {[%clk 1:29:52]} 5.Bc4 {[%clk 1:25:35]}
Nf6 {[%clk 1:27:57]} 6.O-O {[%clk 1:24:56]} d6 {[%clk 1:16:04]}
7.d3 {[%clk 1:24:56]} d5 {[%clk 1:09:25]} 8.Nxd4 {[%clk 1:20:45]}
dxc4 {[%clk 1:08:57]} 9.Nf3 {[%clk 1:20:31]} cxd3 {[%clk 1:09:14]}
10.Qxd3 {[%clk 1:19:57]} Qxd3 {[%clk 1:09:38]} 11.cxd3 {[%clk 1:20:21]}
Be7 {[%clk 1:08:07]} 12.d4 {[%clk 1:20:38]} cxd4 {[%clk 1:03:22]}
13.Nxd4 {[%clk 1:21:07]} O-O {[%clk 1:03:22]} 14.f3 {[%clk 1:21:17]}
Rd8 {[%clk 0:58:49]} 15.Be3 {[%clk 1:21:18]} Bd7 {[%clk 0:59:16]}
16.Rfd1 {[%clk 1:21:35]} a6 {[%clk 0:59:28]} 17.Nb3 {[%clk 1:20:01]}
Be8 {[%clk 0:59:26]} 18.Bb6 {[%clk 1:20:22]} Rdc8 {[%clk 0:58:21]}
19.Rd3 {[%clk 1:19:40]} Nd7 {[%clk 0:57:23]} 20.Bd4 {[%clk 1:20:06]}
b5 {[%clk 0:56:01]} 21.Rad1 {[%clk 1:15:15]} Rab8 {[%clk 0:53:16]}
22.e5 {[%clk 1:10:26]} Nb6 {[%clk 0:50:49]} 23.Ne4 {[%clk 1:09:46]}
Nc4 {[%clk 0:50:10]} 24.Nbd2 {[%clk 1:09:07]} Bc6 {[%clk 0:46:45]}
25.b3 {[%clk 1:07:26]} Nxd2 {[%clk 0:46:58]} 26.Nxd2 {[%clk 1:05:11]}
Kf8 {[%clk 0:46:30]} 27.Kf2 {[%clk 1:05:01]} Ke8 {[%clk 0:46:55]}
28.Rc1 {[%clk 1:00:54]} Bb4 {[%clk 0:44:54]} 29.Nf1 {[%clk 0:59:09]}
Bb7 {[%clk 0:45:08]} 30.Rdd1 {[%clk 0:59:17]} Ba3 {[%clk 0:44:20]}
31.Rxc8+ {[%clk 0:59:40]} Rxc8 {[%clk 0:44:48]} 32.Ne3 {[%clk 0:59:49]}
Ke7 {[%clk 0:41:37]} 33.Ke2 {[%clk 1:00:15]} f5 {[%clk 0:40:36]}
34.exf6+ {[%clk 0:59:33]} gxf6 {[%clk 0:40:58]} 35.Rd2 {[%clk 0:59:24]}
h5 {[%clk 0:38:26]} 36.Rc2 {[%clk 0:59:48]} Rxc2+ {[%clk 0:38:52]}
37.Nxc2 {[%clk 1:00:16]} Bd6 {[%clk 0:39:17]} 38.h3 {[%clk 0:58:30]}
e5 {[%clk 0:38:30]} 39.Bf2 {[%clk 0:58:32]} f5 {[%clk 0:38:30]}
40.Be1 {[%clk 1:25:00]} Ke6 {[%clk 1:08:43]} 41.Bc3 {[%clk 1:24:45]}
f4 {[%clk 1:05:01]} 42.Bb4 {[%clk 1:22:05]} Bc7 {[%clk 1:05:20]}
43.Bc5 {[%clk 1:22:21]} e4 {[%clk 1:04:26]} 44.Ne1 {[%clk 1:21:42]}
a5 {[%clk 1:01:49]} 45.a3 {[%clk 1:16:43]} e3 {[%clk 0:53:32]}
46.Nc2 {[%clk 1:16:24]} Kd5 {[%clk 0:53:46]} 47.b4 {[%clk 1:15:32]}
Kc4 {[%clk 0:53:11]} 48.g3 {[%clk 1:15:19]} fxg3 {[%clk 0:51:38]}
49.Nxe3+ {[%clk 1:15:46]} Kb3 {[%clk 0:52:03]} 50.bxa5 {[%clk 1:16:09]}
Bxa5 {[%clk 0:51:53]} 51.f4 {[%clk 1:16:28]} Bc7 {[%clk 0:49:19]}
52.f5 {[%clk 1:16:35]} Be5 {[%clk 0:49:45]} 53.Kf1 {[%clk 1:11:32]}
Be4 {[%clk 0:49:23]} 54.Kg1 {[%clk 1:10:08]} Kc3 {[%clk 0:46:33]}
55.Kf1 {[%clk 1:10:30]} Kd3 {[%clk 0:46:40]} 56.Bb6 {[%clk 1:09:19]}
Bf6 {[%clk 0:45:17]} 57.Bc5 {[%clk 1:09:29]} Bg5 {[%clk 0:45:29]}
58.Ng2 {[%clk 1:09:39]} h4 {[%clk 0:45:03]} 59.Ne1+ {[%clk 1:09:48]}
Kc4 {[%clk 0:45:26]} 0-1

[Event "Team men PL"]
[Site "Sochi"]
[Date "2020.11.21"]
[Round "3.6"]
[White "Shimanov, Aleksandr"]
[Black "Frolov, Aleksey G."]
[Result "1-0"]
[BlackElo "2025"]
[WhiteElo "2593"]
[LiveChessVersion "1.4.8"]

1.c4 {[%clk 1:30:30]} e5 {[%clk 1:30:45]} 2.g3 {[%clk 1:28:16]}
Nf6 {[%clk 1:29:07]} 3.Bg2 {[%clk 1:28:14]} d5 {[%clk 1:28:23]}
4.cxd5 {[%clk 1:28:24]} Nxd5 {[%clk 1:28:47]} 5.Nf3 {[%clk 1:26:47]}
Nc6 {[%clk 1:28:40]} 6.O-O {[%clk 1:26:04]} Be7 {[%clk 1:25:20]}
7.d4 {[%clk 1:25:11]} exd4 {[%clk 1:22:20]} 8.Nxd4 {[%clk 1:24:08]}
Nxd4 {[%clk 1:22:27]} 9.Qxd4 {[%clk 1:24:33]} Nf6 {[%clk 1:22:36]}
10.Qa4+ {[%clk 1:19:43]} Qd7 {[%clk 1:07:46]} 11.Qc2 {[%clk 1:16:31]}
c6 {[%clk 1:02:52]} 12.e4 {[%clk 1:15:30]} O-O {[%clk 1:01:48]}
13.Nc3 {[%clk 1:13:29]} Qc7 {[%clk 0:49:34]} 14.h3 {[%clk 1:07:49]}
Be6 {[%clk 0:45:22]} 15.Be3 {[%clk 1:07:34]} Rfd8 {[%clk 0:44:06]}
16.f4 {[%clk 1:03:36]} Qa5 {[%clk 0:42:01]} 17.Ne2 {[%clk 0:36:06]}
Qa6 {[%clk 0:35:10]} 18.Nd4 {[%clk 0:28:08]} Bc4 {[%clk 0:33:41]}
19.Rfd1 {[%clk 0:28:12]} c5 {[%clk 0:31:17]} 20.Nf5 {[%clk 0:26:37]}
Bf8 {[%clk 0:31:04]} 21.e5 {[%clk 0:25:23]} Nd5 {[%clk 0:26:40]}
22.b3 {[%clk 0:18:56]} Nxe3 {[%clk 0:24:33]} 23.Nxe3 {[%clk 0:19:19]}
Bd3 {[%clk 0:20:30]} 24.Qc3 {[%clk 0:13:42]} Qg6 {[%clk 0:16:57]}
25.Kh2 {[%clk 0:12:11]} Be4 {[%clk 0:16:14]} 26.Qc4 {[%clk 0:07:58]}
Bxg2 {[%clk 0:16:11]} 27.Kxg2 {[%clk 0:08:20]} Qc6+ {[%clk 0:14:58]}
28.Nd5 {[%clk 0:07:58]} Rd7 {[%clk 0:11:54]} 29.Rd2 {[%clk 0:08:06]}
Rad8 {[%clk 0:10:01]} 30.Rad1 {[%clk 0:08:33]} Kh8 {[%clk 0:09:26]}
31.a4 {[%clk 0:07:37]} a6 {[%clk 0:08:24]} 32.a5 {[%clk 0:07:07]}
g6 {[%clk 0:05:40]} 33.Kf3 {[%clk 0:05:49]} Bg7 {[%clk 0:05:49]}
34.Qe4 {[%clk 0:05:24]} Qe6 {[%clk 0:04:40]} 35.g4 {[%clk 0:04:50]}
g5 {[%clk 0:03:55]} 36.Rd3 {[%clk 0:02:27]} gxf4 {[%clk 0:04:11]}
37.Nxf4 {[%clk 0:01:28]} Rxd3+ {[%clk 0:03:26]} 38.Rxd3 {[%clk 0:01:55]}
Rxd3+ {[%clk 0:03:39]} 39.Qxd3 {[%clk 0:02:21]} Qc6+ {[%clk 0:03:47]}
40.Qe4 {[%clk 0:30:38]} Bxe5 {[%clk 0:32:52]} 41.Qxc6 {[%clk 0:28:47]}
bxc6 {[%clk 0:32:09]} 42.Nd3 {[%clk 0:29:09]} Bd6 {[%clk 0:23:15]}
43.Ke4 {[%clk 0:29:26]} Kg7 {[%clk 0:23:23]} 44.Kf5 {[%clk 0:29:15]}
h6 {[%clk 0:22:20]} 45.Ne5 {[%clk 0:19:00]} Bb8 {[%clk 0:17:13]}
46.Nxc6 {[%clk 0:11:44]} Bc7 {[%clk 0:17:09]} 47.h4 {[%clk 0:12:00]}
Bg3 {[%clk 0:16:12]} 48.h5 {[%clk 0:08:47]} Be1 {[%clk 0:13:27]}
49.Nb8 {[%clk 0:06:45]} Bxa5 {[%clk 0:13:50]} 50.Nxa6 {[%clk 0:07:08]}
Bb6 {[%clk 0:14:05]} 51.Nb8 {[%clk 0:07:30]} Ba5 {[%clk 0:11:21]}
52.Nd7 {[%clk 0:07:45]} Bb4 {[%clk 0:11:44]} 53.Ke4 {[%clk 0:07:44]}
Kg8 {[%clk 0:09:30]} 54.Kd5 {[%clk 0:07:56]} Kg7 {[%clk 0:09:33]}
55.Nxc5 {[%clk 0:02:22]} f5 {[%clk 0:09:22]} 56.gxf5 {[%clk 0:02:47]}
Kf6 {[%clk 0:09:47]} 57.Na6 {[%clk 0:00:40]} Be1 {[%clk 0:07:54]}
58.Ke4 {[%clk 0:01:07]} Kg5 {[%clk 0:08:16]} 59.b4 {[%clk 0:00:53]}
Kxh5 {[%clk 0:08:41]} 60.b5 {[%clk 0:01:01]} Ba5 {[%clk 0:04:59]}
61.Ke5 {[%clk 0:00:44]} Kg5 {[%clk 0:05:03]} 62.Ke6 {[%clk 0:00:40]}
Bd8 {[%clk 0:05:17]} 63.Nc5 {[%clk 0:00:45]} h5 {[%clk 0:05:30]}
64.f6 {[%clk 0:00:50]} Bxf6 {[%clk 0:05:08]} 65.Ne4+ {[%clk 0:01:12]} 1-0

[Event "Team men PL"]
[Site "Sochi"]
[Date "2020.11.21"]
[Round "3.8"]
[White "Riazantsev, Alexander"]
[Black "Kobalia, Mikhail"]
[Result "1-0"]
[BlackElo "2590"]
[WhiteElo "2628"]
[LiveChessVersion "1.4.8"]

1.d4 {[%clk 1:30:56]} d5 {[%clk 1:30:53]} 2.c4 {[%clk 1:31:13]}
e6 {[%clk 1:31:13]} 3.Nc3 {[%clk 1:27:13]} Nf6 {[%clk 1:28:58]}
4.Bg5 {[%clk 1:23:21]} Be7 {[%clk 1:27:12]} 5.Nf3 {[%clk 1:22:31]}
h6 {[%clk 1:25:33]} 6.Bh4 {[%clk 1:20:51]} O-O {[%clk 1:22:05]}
7.Qc2 {[%clk 1:21:08]} Nbd7 {[%clk 1:15:40]} 8.cxd5 {[%clk 1:19:24]}
exd5 {[%clk 1:15:06]} 9.e3 {[%clk 1:19:44]} c6 {[%clk 1:10:23]}
10.Bd3 {[%clk 1:16:48]} Re8 {[%clk 1:10:48]} 11.O-O {[%clk 1:17:09]}
Ne4 {[%clk 1:08:53]} 12.Bxe7 {[%clk 1:13:51]} Qxe7 {[%clk 1:09:13]}
13.b4 {[%clk 1:14:05]} Ndf6 {[%clk 0:51:38]} 14.Rab1 {[%clk 1:08:28]}
Bf5 {[%clk 0:45:06]} 15.Nd2 {[%clk 0:54:52]} Ng4 {[%clk 0:38:58]}
16.Ncxe4 {[%clk 0:41:55]} dxe4 {[%clk 0:38:44]} 17.Be2 {[%clk 0:42:21]}
Qd6 {[%clk 0:38:26]} 18.Bxg4 {[%clk 0:34:25]} Bxg4 {[%clk 0:38:51]}
19.Rfe1 {[%clk 0:31:47]} Qg6 {[%clk 0:35:38]} 20.f4 {[%clk 0:28:18]}
Rad8 {[%clk 0:31:08]} 21.a4 {[%clk 0:22:52]} h5 {[%clk 0:28:43]}
22.b5 {[%clk 0:19:05]} Re6 {[%clk 0:28:43]} 23.Nc4 {[%clk 0:17:32]}
h4 {[%clk 0:09:27]} 24.Ne5 {[%clk 0:16:45]} Qh5 {[%clk 0:09:48]}
25.bxc6 {[%clk 0:16:17]} bxc6 {[%clk 0:10:17]} 26.h3 {[%clk 0:12:28]}
Bf5 {[%clk 0:10:43]} 27.Rb7 {[%clk 0:12:39]} a5 {[%clk 0:06:20]}
28.Nxf7 {[%clk 0:11:46]} Rf8 {[%clk 0:05:44]} 29.Ng5 {[%clk 0:12:07]}
Rg6 {[%clk 0:05:27]} 30.Qa2+ {[%clk 0:10:02]} Kh8 {[%clk 0:05:49]}
31.Qf7 {[%clk 0:09:30]} 1-0

[Event "Team men PL"]
[Site "Sochi"]
[Date "2020.11.21"]
[Round "3.9"]
[White "Demidov, Mikhail"]
[Black "Paravyan, David"]
[Result "1/2-1/2"]
[BlackElo "2654"]
[WhiteElo "2526"]
[LiveChessVersion "1.4.8"]

1.Nf3 {[%clk 1:30:54]} Nf6 {[%clk 1:30:52]} 2.c4 {[%clk 1:30:47]}
g6 {[%clk 1:31:05]} 3.Nc3 {[%clk 1:28:56]} Bg7 {[%clk 1:30:42]}
4.e4 {[%clk 1:29:12]} d6 {[%clk 1:28:23]} 5.d4 {[%clk 1:28:04]}
O-O {[%clk 1:28:47]} 6.Be2 {[%clk 1:27:50]} e5 {[%clk 1:29:13]}
7.dxe5 {[%clk 1:22:21]} dxe5 {[%clk 1:29:27]} 8.Qxd8 {[%clk 1:22:45]}
Rxd8 {[%clk 1:29:54]} 9.Bg5 {[%clk 1:23:07]} Re8 {[%clk 1:19:15]}
10.Nd5 {[%clk 1:20:22]} Nxd5 {[%clk 1:19:34]} 11.cxd5 {[%clk 1:20:44]}
c6 {[%clk 1:20:02]} 12.Bc4 {[%clk 1:20:00]} cxd5 {[%clk 1:19:58]}
13.Bxd5 {[%clk 1:20:12]} Nd7 {[%clk 1:20:00]} 14.Nd2 {[%clk 1:16:59]}
h6 {[%clk 1:06:26]} 15.Bh4 {[%clk 1:15:09]} Bf6 {[%clk 0:51:01]}
16.Bg3 {[%clk 1:13:28]} Nb6 {[%clk 0:42:29]} 17.Bb3 {[%clk 1:09:55]}
h5 {[%clk 0:42:32]} 18.f3 {[%clk 1:05:46]} h4 {[%clk 0:42:54]}
19.Bf2 {[%clk 1:06:12]} h3 {[%clk 0:43:20]} 20.g3 {[%clk 1:05:45]}
Bg5 {[%clk 0:31:57]} 21.Ke2 {[%clk 0:54:06]} Bd7 {[%clk 0:26:43]}
22.a4 {[%clk 0:44:54]} Rac8 {[%clk 0:19:30]} 23.Be3 {[%clk 0:36:27]}
Bxe3 {[%clk 0:19:48]} 24.Kxe3 {[%clk 0:36:55]} a5 {[%clk 0:07:44]}
25.Rhc1 {[%clk 0:27:27]} Red8 {[%clk 0:03:52]} 26.Rxc8 {[%clk 0:17:30]}
Rxc8 {[%clk 0:04:18]} 27.f4 {[%clk 0:17:52]} exf4+ {[%clk 0:04:26]}
28.gxf4 {[%clk 0:18:04]} Kg7 {[%clk 0:04:30]} 29.Nf3 {[%clk 0:17:26]}
Nc4+ {[%clk 0:02:58]} 30.Bxc4 {[%clk 0:12:23]} Rxc4 {[%clk 0:03:24]}
31.Ne5 {[%clk 0:12:50]} Rc7 {[%clk 0:03:41]} 32.Nxd7 {[%clk 0:11:29]}
Rxd7 {[%clk 0:04:07]} 33.Rc1 {[%clk 0:08:01]} Rd6 {[%clk 0:04:10]}
34.b3 {[%clk 0:07:21]} Rb6 {[%clk 0:01:42]} 35.Rc3 {[%clk 0:07:40]}
Rb4 {[%clk 0:02:06]} 36.Kf3 {[%clk 0:08:03]} b5 {[%clk 0:02:02]}
37.axb5 {[%clk 0:08:25]} Rxb5 {[%clk 0:02:29]} 38.Kg3 {[%clk 0:08:46]}
Rb4 {[%clk 0:02:47]} 39.Re3 {[%clk 0:09:14]} a4 {[%clk 0:02:12]}
40.bxa4 {[%clk 0:39:39]} Rxa4 {[%clk 0:32:40]} 41.Kxh3 {[%clk 0:37:53]}
f5 {[%clk 0:32:10]} 42.exf5 {[%clk 0:38:11]} Rxf4 {[%clk 0:32:35]}
43.fxg6 {[%clk 0:38:33]} 1/2-1/2

[Event "Team men PL"]
[Site "Sochi"]
[Date "2020.11.21"]
[Round "3.10"]
[White "Chigaev, Maksim"]
[Black "Murzin, Volodar"]
[Result "1-0"]
[BlackElo "2470"]
[WhiteElo "2615"]
[LiveChessVersion "1.4.8"]

1.e4 {[%clk 1:30:54]} c5 {[%clk 1:30:50]} 2.Nf3 {[%clk 1:31:17]}
d6 {[%clk 1:31:11]} 3.d4 {[%clk 1:31:41]} cxd4 {[%clk 1:31:33]}
4.Nxd4 {[%clk 1:32:05]} Nf6 {[%clk 1:31:59]} 5.Nc3 {[%clk 1:32:23]}
a6 {[%clk 1:32:25]} 6.Be3 {[%clk 1:32:43]} e5 {[%clk 1:32:46]}
7.Nf3 {[%clk 1:33:06]} Be7 {[%clk 1:33:07]} 8.h3 {[%clk 1:33:29]}
O-O {[%clk 1:28:59]} 9.g4 {[%clk 1:33:43]} Be6 {[%clk 1:25:27]}
10.g5 {[%clk 1:33:54]} Nfd7 {[%clk 1:25:01]} 11.Nd5 {[%clk 1:27:45]}
Nc6 {[%clk 1:24:36]} 12.c3 {[%clk 1:28:00]} Re8 {[%clk 1:19:34]}
13.h4 {[%clk 1:19:08]} Bf8 {[%clk 1:15:36]} 14.Bh3 {[%clk 1:05:52]}
Ne7 {[%clk 1:13:32]} 15.Bxe6 {[%clk 1:03:30]} fxe6 {[%clk 1:13:17]}
16.Nxe7+ {[%clk 1:03:52]} Qxe7 {[%clk 1:10:48]} 17.h5 {[%clk 1:01:11]}
Rac8 {[%clk 1:10:12]} 18.Qe2 {[%clk 0:35:02]} Nc5 {[%clk 1:05:59]}
19.Bxc5 {[%clk 0:35:01]} Rxc5 {[%clk 1:06:27]} 20.O-O-O {[%clk 0:35:18]}
b5 {[%clk 1:06:10]} 21.Kb1 {[%clk 0:35:36]} Qb7 {[%clk 1:04:09]}
22.Nd2 {[%clk 0:34:17]} Be7 {[%clk 0:58:34]} 23.Qg4 {[%clk 0:33:14]}
Qc8 {[%clk 0:58:26]} 24.Rh3 {[%clk 0:32:51]} Rf8 {[%clk 0:57:03]}
25.Rf3 {[%clk 0:32:53]} Rxf3 {[%clk 0:55:17]} 26.Nxf3 {[%clk 0:32:53]}
a5 {[%clk 0:43:23]} 27.Ne1 {[%clk 0:29:10]} Rc4 {[%clk 0:41:45]}
28.Nc2 {[%clk 0:27:53]} b4 {[%clk 0:30:49]} 29.Ne3 {[%clk 0:28:06]}
Rc6 {[%clk 0:31:06]} 30.c4 {[%clk 0:24:52]} Bd8 {[%clk 0:29:21]}
31.g6 {[%clk 0:14:13]} h6 {[%clk 0:29:27]} 32.Qf3 {[%clk 0:13:42]}
Qc7 {[%clk 0:28:02]} 33.Qg4 {[%clk 0:08:32]} Qc8 {[%clk 0:27:34]}
34.Qf3 {[%clk 0:03:54]} Qc7 {[%clk 0:27:50]} 35.Qg4 {[%clk 0:02:38]}
Qe7 {[%clk 0:26:48]} 36.f4 {[%clk 0:02:19]} Bb6 {[%clk 0:26:55]}
37.Qf3 {[%clk 0:02:22]} Qf8 {[%clk 0:19:43]} 38.f5 {[%clk 0:02:33]}
Bxe3 {[%clk 0:19:54]} 39.Qxe3 {[%clk 0:03:01]} exf5 {[%clk 0:20:23]}
40.Qd3 {[%clk 0:33:20]} Rc5 {[%clk 0:43:34]} 41.Qxd6 {[%clk 0:28:24]}
Qxd6 {[%clk 0:43:21]} 42.Rxd6 {[%clk 0:28:46]} Kf8 {[%clk 0:43:49]}
43.exf5 {[%clk 0:28:31]} e4 {[%clk 0:43:51]} 44.Rd5 {[%clk 0:27:18]}
Rxc4 {[%clk 0:44:16]} 45.Rd8+ {[%clk 0:27:42]} Ke7 {[%clk 0:44:39]}
46.Rg8 {[%clk 0:28:07]} e3 {[%clk 0:43:37]} 47.Rxg7+ {[%clk 0:28:31]}
Kd6 {[%clk 0:43:49]} 48.f6 {[%clk 0:28:26]} Rf4 {[%clk 0:44:16]}
49.Re7 {[%clk 0:28:46]} Rxf6 {[%clk 0:44:32]} 50.Rxe3 {[%clk 0:29:06]}
Rf1+ {[%clk 0:45:00]} 51.Kc2 {[%clk 0:29:15]} Rg1 {[%clk 0:45:23]}
52.Re8 {[%clk 0:28:59]} 1-0

[Event "Team men PL"]
[Site "Sochi"]
[Date "2020.11.21"]
[Round "3.11"]
[White "Belyakov, Bogdan"]
[Black "Yuffa, Daniil"]
[Result "1/2-1/2"]
[BlackElo "2565"]
[WhiteElo "2450"]
[LiveChessVersion "1.4.8"]

1.e4 {[%clk 1:30:56]} c5 {[%clk 1:30:54]} 2.c3 {[%clk 1:29:44]}
Nf6 {[%clk 1:31:19]} 3.e5 {[%clk 1:30:09]} Nd5 {[%clk 1:31:47]}
4.d4 {[%clk 1:28:01]} cxd4 {[%clk 1:32:05]} 5.cxd4 {[%clk 1:25:51]}
d6 {[%clk 1:31:50]} 6.Nf3 {[%clk 1:23:35]} Nc6 {[%clk 1:31:00]}
7.Bc4 {[%clk 1:23:57]} dxe5 {[%clk 1:31:19]} 8.dxe5 {[%clk 1:22:22]}
Ndb4 {[%clk 1:31:12]} 9.Qb3 {[%clk 1:22:44]} e6 {[%clk 1:31:27]}
10.O-O {[%clk 1:23:04]} Na5 {[%clk 1:31:30]} 11.Qa4+ {[%clk 1:23:26]}
Bd7 {[%clk 1:31:50]} 12.Bb5 {[%clk 1:23:50]} Bxb5 {[%clk 1:32:09]}
13.Qxb5+ {[%clk 1:24:14]} Nac6 {[%clk 1:32:30]} 14.Nc3 {[%clk 1:24:37]}
a6 {[%clk 1:32:51]} 15.Qc4 {[%clk 1:25:02]} Qd3 {[%clk 1:33:03]}
16.Qg4 {[%clk 1:25:26]} Qg6 {[%clk 1:33:24]} 17.Qxg6 {[%clk 1:19:39]}
hxg6 {[%clk 1:33:49]} 18.Rd1 {[%clk 1:20:02]} Rd8 {[%clk 1:32:05]}
19.Bg5 {[%clk 1:15:44]} Be7 {[%clk 1:29:29]} 20.Rxd8+ {[%clk 1:14:49]}
Nxd8 {[%clk 1:28:12]} 21.Rd1 {[%clk 1:11:16]} f6 {[%clk 1:24:16]}
22.Be3 {[%clk 1:05:36]} Nbc6 {[%clk 1:18:54]} 23.Ne4 {[%clk 0:56:04]}
Nf7 {[%clk 1:17:38]} 24.exf6 {[%clk 0:41:10]} gxf6 {[%clk 1:18:02]}
25.Nd4 Nxd4 {[%clk 1:15:40]} 26.Bxd4 {[%clk 0:38:08]} e5 {[%clk 1:16:01]}
27.Bc5 {[%clk 0:34:24]} f5 {[%clk 1:07:02]} 28.Nd6+ {[%clk 0:32:53]}
Nxd6 {[%clk 1:07:06]} 29.Bxd6 {[%clk 0:33:17]} e4 {[%clk 1:07:29]}
30.Be5 {[%clk 0:29:15]} Rh7 {[%clk 1:07:46]} 31.Bc3 {[%clk 0:26:41]}
Bc5 {[%clk 1:06:35]} 32.h3 Rd7 {[%clk 1:05:23]} 33.Rxd7 {[%clk 0:21:28]}
Kxd7 {[%clk 1:05:49]} 34.Kf1 {[%clk 0:22:15]} Ke6 {[%clk 1:06:00]}
35.Ke2 Kd5 36.b3 {[%clk 0:17:23]} Bd4 {[%clk 0:57:03]} 37.Bd2
{[%clk 0:15:22]} Bf6 {[%clk 0:54:31]} 38.Bc1 {[%clk 0:12:01]}
Be5 {[%clk 0:52:50]} 39.f3 {[%clk 0:11:06]} f4 {[%clk 0:52:56]}
40.fxe4+ {[%clk 0:40:26]} Kxe4 {[%clk 1:23:20]} 41.Bd2 {[%clk 0:40:30]}
b5 {[%clk 1:23:19]} 42.a4 {[%clk 0:38:18]} Bd6 {[%clk 1:21:15]}
43.axb5 {[%clk 0:36:20]} axb5 {[%clk 1:21:40]} 44.Bc3 {[%clk 0:35:52]}
Bc5 {[%clk 1:21:59]} 45.Bd2 {[%clk 0:34:53]} Bd4 {[%clk 1:21:27]}
46.Be1 {[%clk 0:34:49]} Bf6 {[%clk 1:19:25]} 47.Bf2 {[%clk 0:34:34]}
Bb2 {[%clk 1:19:49]} 48.Bc5 {[%clk 0:33:53]} Bc1 {[%clk 1:19:44]}
49.Bf2 {[%clk 0:31:53]} Bb2 {[%clk 1:19:11]} 50.Bc5 {[%clk 0:32:13]}
Bg7 {[%clk 1:18:51]} 51.Bf2 {[%clk 0:32:26]} Bf6 {[%clk 1:18:13]}
52.Bc5 {[%clk 0:32:43]} Be5 {[%clk 1:17:48]} 53.Bf2 {[%clk 0:33:04]} 1/2-1/2

[Event "Team men PL"]
[Site "Sochi"]
[Date "2020.11.21"]
[Round "3.13"]
[White "Lobanov, Sergei"]
[Black "Demchenko, Anton"]
[Result "1/2-1/2"]
[BlackElo "2626"]
[WhiteElo "2522"]
[LiveChessVersion "1.4.8"]

1.e4 {[%clk 1:30:59]} c5 {[%clk 1:30:51]} 2.Nf3 {[%clk 1:31:23]}
d6 {[%clk 1:31:16]} 3.d4 {[%clk 1:31:48]} cxd4 {[%clk 1:31:43]}
4.Nxd4 {[%clk 1:32:12]} Nf6 {[%clk 1:32:07]} 5.Nc3 {[%clk 1:32:37]}
Nc6 {[%clk 1:32:33]} 6.Bg5 {[%clk 1:32:14]} Bd7 {[%clk 1:32:58]}
7.Qd2 {[%clk 1:31:44]} a6 {[%clk 1:33:21]} 8.Bxf6 {[%clk 1:30:32]}
gxf6 {[%clk 1:33:17]} 9.O-O-O {[%clk 1:30:51]} e6 {[%clk 1:30:58]}
10.f4 {[%clk 1:28:51]} Qb6 {[%clk 1:27:09]} 11.Nb3 {[%clk 1:26:07]}
O-O-O {[%clk 1:24:51]} 12.g3 {[%clk 1:23:34]} Kb8 {[%clk 1:22:09]}
13.Bh3 {[%clk 1:18:31]} h5 {[%clk 1:18:38]} 14.Kb1 {[%clk 1:18:57]}
h4 {[%clk 1:11:24]} 15.f5 {[%clk 1:13:55]} hxg3 {[%clk 1:08:25]}
16.hxg3 {[%clk 1:11:37]} Ne5 {[%clk 1:03:34]} 17.fxe6 {[%clk 1:10:20]}
fxe6 {[%clk 1:03:25]} 18.Ne2 {[%clk 1:08:52]} Nf7 {[%clk 0:41:47]}
19.Nf4 {[%clk 0:32:15]} Ng5 {[%clk 0:41:52]} 20.Bg2 {[%clk 0:32:36]}
Rxh1 {[%clk 0:41:51]} 21.Rxh1 {[%clk 0:33:00]} Bc8 {[%clk 0:31:43]}
22.Qe2 {[%clk 0:28:12]} Bg7 {[%clk 0:30:00]} 23.a3 {[%clk 0:26:05]}
Rf8 {[%clk 0:26:42]} 24.Nh5 {[%clk 0:23:12]} Bh8 {[%clk 0:26:50]}
25.Nf4 {[%clk 0:23:23]} Bg7 {[%clk 0:26:44]} 26.Nh5 {[%clk 0:23:18]}
Qc7 {[%clk 0:25:28]} 27.Qd2 {[%clk 0:22:13]} Bh8 {[%clk 0:23:23]}
28.Nf4 {[%clk 0:21:55]} Rd8 {[%clk 0:23:34]} 29.Qb4 {[%clk 0:21:11]}
Ka7 {[%clk 0:20:46]} 30.a4 {[%clk 0:18:31]} Qb6 {[%clk 0:17:51]}
31.Qxb6+ {[%clk 0:16:01]} Kxb6 {[%clk 0:18:19]} 32.a5+ {[%clk 0:16:24]}
Ka7 {[%clk 0:15:54]} 33.Rd1 {[%clk 0:14:29]} Nf7 {[%clk 0:10:11]}
34.Bh3 {[%clk 0:13:47]} Re8 {[%clk 0:07:55]} 35.Bg4 {[%clk 0:09:51]}
e5 {[%clk 0:05:42]} 36.Bxc8 {[%clk 0:09:45]} exf4 {[%clk 0:06:03]}
37.Bf5 {[%clk 0:09:41]} fxg3 {[%clk 0:05:22]} 38.Rg1 {[%clk 0:09:38]}
Ng5 {[%clk 0:04:08]} 39.Rxg3 {[%clk 0:05:41]} Nxe4 {[%clk 0:02:51]}
40.Rd3 {[%clk 0:35:47]} Kb8 {[%clk 0:30:47]} 41.Bg6 {[%clk 0:33:19]}
Re7 {[%clk 0:27:28]} 42.Nd4 {[%clk 0:30:04]} f5 {[%clk 0:23:16]} 1/2-1/2